[Event "Hoogeveen Open"]
[Site "Hoogeveen, Netherlands"]
[Date "2018.10.25"]
[Round "7.30"]
[White "Mijnheer, Peter"]
[Black "Klaren, Duncan"]
[Result "0-1"]
[WhiteElo "2092"]
[BlackElo "1950"]

1. e4 {[%clk 01:30:56]} {[%emt 00:00:03]} c5 {[%clk 01:30:56]} {[%emt
00:00:05]} 2. Nf3 {[%clk 01:31:19]} {[%emt 00:00:06]} d6 {[%clk 01:31:21]}
{[%emt 00:00:06]} 3. d4 {[%clk 01:31:42]} {[%emt 00:00:06]} cxd4 {[%clk
01:31:47]} {[%emt 00:00:05]} 4. Nxd4 {[%clk 01:32:04]} {[%emt 00:00:07]} Nf6
{[%clk 01:32:07]} {[%emt 00:00:10]} 5. Nc3 {[%clk 01:32:23]} {[%emt 00:00:11]}
a6 {[%clk 01:32:33]} {[%emt 00:00:05]} 6. Be2 {[%clk 01:32:45]} {[%emt
00:00:06]} e5 {[%clk 01:33:00]} {[%emt 00:00:05]} 7. Nb3 {[%clk 01:33:07]}
{[%emt 00:00:07]} Be7 {[%clk 01:33:27]} {[%emt 00:00:04]} 8. O-O {[%clk
01:33:28]} {[%emt 00:00:08]} O-O {[%clk 01:33:54]} {[%emt 00:00:04]} 9. Qd3
{[%clk 01:33:48]} {[%emt 00:00:09]} Be6 {[%clk 01:33:22]} {[%emt 00:01:02]} 10.
Bd2 {[%clk 01:34:10]} {[%emt 00:00:08]} Nbd7 {[%clk 01:32:23]} {[%emt
00:01:30]} 11. Nd5 {[%clk 01:34:30]} {[%emt 00:00:09]} Bxd5 {[%clk 01:32:47]}
{[%emt 00:00:07]} 12. exd5 {[%clk 01:34:48]} {[%emt 00:00:12]} Ne8 {[%clk
01:30:21]} {[%emt 00:02:57]} 13. Qh3 {[%clk 01:32:45]} {[%emt 00:02:32]} Ndf6
{[%clk 01:22:44]} {[%emt 00:08:07]} 14. c4 {[%emt 00:03:16]} a5 {[%clk
01:20:09]} {[%emt 00:01:22]} 15. Rad1 {[%clk 00:52:13]} {[%emt 00:39:56]} a4
{[%clk 01:01:25]} {[%emt 00:19:15]} 16. Nc1 {[%clk 00:42:59]} {[%emt 00:09:44]}
Ne4 {[%clk 00:58:57]} {[%emt 00:02:55]} 17. Bd3 {[%clk 00:40:52]} {[%emt
00:02:40]} N8f6 {[%clk 00:59:11]} {[%emt 00:00:15]} 18. Be3 {[%clk 00:40:45]}
{[%emt 00:00:37]} Qc8 {[%clk 00:58:30]} {[%emt 00:01:12]} 19. Qf3 {[%clk
00:37:04]} {[%emt 00:04:10]} Nc5 {[%clk 00:58:30]} {[%emt 00:00:32]} 20. Bf5
{[%clk 00:36:46]} {[%emt 00:00:48]} Qc7 {[%clk 00:57:17]} {[%emt 00:01:43]} 21.
Qh3 {[%clk 00:31:58]} {[%emt 00:05:17]} g6 {[%clk 00:45:00]} {[%emt 00:12:47]}
22. Bb1 {[%clk 00:30:03]} {[%emt 00:02:24]} Qd7 {[%clk 00:44:52]} {[%emt
00:00:39]} 23. Qg3 {[%clk 00:27:16]} {[%emt 00:03:17]} Nfe4 {[%clk 00:42:43]}
{[%emt 00:02:39]} 24. Qf3 {[%clk 00:25:28]} {[%emt 00:02:19]} f5 {[%clk
00:42:14]} {[%emt 00:00:59]} 25. Qe2 {[%clk 00:09:26]} {[%emt 00:16:31]} f4
{[%clk 00:36:29]} {[%emt 00:06:16]} 26. Bxc5 {[%clk 00:05:00]} {[%emt
00:04:56]} f3 {[%clk 00:36:13]} {[%emt 00:00:46]} 27. Qxe4 {[%clk 00:02:52]}
{[%emt 00:02:38]} Rf4 {[%clk 00:36:35]} {[%emt 00:00:07]} 28. Qxf4 {[%clk
00:02:23]} {[%emt 00:00:59]} exf4 {[%clk 00:37:00]} {[%emt 00:00:06]} 29. Be4
{[%clk 00:02:20]} {[%emt 00:00:32]} fxg2 {[%clk 00:37:04]} {[%emt 00:00:26]} 30.
Bxg2 {[%clk 00:02:36]} {[%emt 00:00:14]} dxc5 {[%clk 00:37:29]} {[%emt
00:00:05]} 31. Nd3 {[%clk 00:02:16]} {[%emt 00:00:50]} Rf8 {[%clk 00:37:42]}
{[%emt 00:00:17]} 32. f3 {[%clk 00:02:34]} {[%emt 00:00:13]} Rf5 {[%clk
00:33:56]} {[%emt 00:04:16]} 33. Nf2 {[%clk 00:02:37]} {[%emt 00:00:26]} Rf6
{[%clk 00:29:19]} {[%emt 00:05:07]} 34. Ne4 {[%clk 00:02:54]} {[%emt 00:00:13]}
Rb6 {[%clk 00:29:34]} {[%emt 00:00:15]} 35. Rd2 {[%clk 00:02:36]} {[%emt
00:00:48]} Kg7 {[%clk 00:29:11]} {[%emt 00:00:53]} 36. d6 {[%clk 00:02:13]}
{[%emt 00:00:53]} Bf6 {[%clk 00:27:36]} {[%emt 00:02:05]} 37. Nxc5 {[%clk
00:02:22]} {[%emt 00:00:21]} Qc6 {[%clk 00:27:25]} {[%emt 00:00:42]} 38. Ne4
{[%clk 00:02:40]} {[%emt 00:00:12]} Rxb2 {[%clk 00:23:08]} {[%emt 00:04:46]} 39.
Rxb2 {[%clk 00:03:00]} {[%emt 00:00:10]} Bxb2 {[%clk 00:23:34]} {[%emt
00:00:04]} 40. Rd1 {[%clk 00:03:19]} {[%emt 00:00:11]} Qxc4 {[%clk 00:23:38]}
{[%emt 00:00:26]} 41. d7 {[%clk 00:03:13]} {[%emt 00:00:37]} Bd4+ {[%clk
00:23:53]} {[%emt 00:00:14]} 42. Kh1 {[%clk 00:03:30]} {[%emt 00:00:13]} Bb6
{[%clk 00:24:20]} {[%emt 00:00:03]} 43. Bf1 {[%clk 00:02:07]} {[%emt 00:01:53]}
Qxa2 {[%clk 00:13:07]} {[%emt 00:11:43]} 44. d8=Q {[%clk 00:00:45]} {[%emt
00:01:52]} Bxd8 {[%clk 00:13:33]} {[%emt 00:00:04]} 45. Rxd8 {[%clk 00:01:07]}
{[%emt 00:00:08]} Qb1 {[%clk 00:13:56]} {[%emt 00:00:07]} 46. Rd7+ {[%clk
00:30:08]} {[%emt 00:01:30]} Kh6 {[%clk 00:44:14]} {[%emt 00:00:11]} 47. Kg2
{[%clk 00:27:11]} {[%emt 00:03:26]} a3 {[%clk 00:44:18]} {[%emt 00:00:26]} 48.
Bc4 {[%clk 00:25:03]} {[%emt 00:02:39]} Qc2+ {[%clk 00:44:29]} {[%emt
00:00:19]} 49. Kh3 {[%clk 00:13:24]} {[%emt 00:12:09]} Qxc4 {[%clk 00:44:09]}
{[%emt 00:00:50]} 50. Nf6 {[%clk 00:12:05]} {[%emt 00:01:48]} Qe6+ {[%clk
00:44:28]} {[%emt 00:00:12]} 51. Ng4+ {[%clk 00:11:54]} {[%emt 00:00:41]} Kg5
{[%clk 00:44:28]} {[%emt 00:00:28]} 0-1

[Event "Hoogeveen Open"]
[Site "Hoogeveen, Netherlands"]
[Date "2018.10.25"]
[Round "7.31"]
[White "Clemens, Adrian"]
[Black "Van Der Hagen, Loek"]
[Result "1-0"]
[WhiteElo "2153"]
[BlackElo "1820"]

1. d4 {[%clk 01:30:51]} {[%emt 00:00:08]} Nf6 {[%clk 01:30:54]} {[%emt
00:00:06]} 2. c4 {[%clk 01:31:16]} {[%emt 00:00:05]} c5 {[%clk 01:31:11]}
{[%emt 00:00:14]} 3. d5 {[%clk 01:31:13]} {[%emt 00:00:32]} b5 {[%clk
01:31:28]} {[%emt 00:00:13]} 4. Qc2 {[%clk 01:30:51]} {[%emt 00:00:52]} bxc4
{[%clk 01:31:50]} {[%emt 00:00:09]} 5. e4 {[%clk 01:31:17]} {[%emt 00:00:04]}
e6 {[%clk 01:32:13]} {[%emt 00:00:06]} 6. Bxc4 {[%clk 01:30:42]} {[%emt
00:01:05]} exd5 {[%clk 01:32:35]} {[%emt 00:00:08]} 7. exd5 {[%clk 01:31:07]}
{[%emt 00:00:05]} d6 {[%clk 01:32:39]} {[%emt 00:00:27]} 8. Nc3 {[%clk
01:31:02]} {[%emt 00:00:35]} Be7 {[%clk 01:33:02]} {[%emt 00:00:07]} 9. Nge2
{[%clk 01:27:04]} {[%emt 00:04:27]} O-O {[%clk 01:32:35]} {[%emt 00:00:56]} 10.
O-O {[%clk 01:25:58]} {[%emt 00:01:37]} Nbd7 {[%clk 01:32:56]} {[%emt
00:00:09]} 11. Bf4 {[%clk 01:25:25]} {[%emt 00:01:03]} Nh5 {[%clk 01:31:24]}
{[%emt 00:02:02]} 12. Be3 {[%clk 01:25:07]} {[%emt 00:00:48]} Ne5 {[%clk
01:30:07]} {[%emt 00:01:47]} 13. b3 {[%emt 00:04:00]} f5 {[%clk 01:27:49]} 14.
f4 {[%clk 01:19:52]} {[%emt 00:05:03]} Ng4 {[%clk 01:20:05]} {[%emt 00:08:14]}
15. Bc1 {[%clk 01:17:06]} {[%emt 00:03:16]} Rf6 {[%clk 01:14:18]} {[%emt
00:06:17]} 16. h3 {[%clk 01:12:00]} {[%emt 00:05:37]} Nh6 {[%clk 01:12:42]}
{[%emt 00:02:05]} 17. Qd3 {[%clk 01:08:03]} {[%emt 00:04:27]} Rg6 {[%clk
01:05:55]} {[%emt 00:07:17]} 18. Qf3 {[%clk 01:07:52]} {[%emt 00:00:41]} Nf6
{[%clk 01:05:40]} {[%emt 00:00:45]} 19. Ng3 {[%clk 00:58:58]} {[%emt 00:09:25]}
Nd7 {[%clk 00:58:59]} {[%emt 00:07:10]} 20. Nh5 {[%clk 00:50:02]} {[%emt
00:09:25]} Bh4 {[%clk 00:52:58]} {[%emt 00:06:31]} 21. Bb2 {[%clk 00:41:33]}
{[%emt 00:09:00]} Nf6 {[%clk 00:44:47]} {[%emt 00:08:40]} 22. Nxf6+ {[%clk
00:36:42]} {[%emt 00:05:21]} Bxf6 {[%clk 00:44:16]} {[%emt 00:01:01]} 23. Nd1
{[%clk 00:34:26]} {[%emt 00:02:46]} Bxb2 {[%clk 00:43:32]} {[%emt 00:01:14]} 24.
Nxb2 {[%clk 00:33:41]} {[%emt 00:01:15]} Qh4 {[%clk 00:41:55]} {[%emt
00:02:06]} 25. Qe3 {[%clk 00:21:38]} {[%emt 00:12:35]} Bd7 {[%clk 00:37:55]}
{[%emt 00:04:29]} 26. Rf3 {[%clk 00:20:56]} {[%emt 00:01:11]} Re8 {[%clk
00:33:37]} {[%emt 00:04:48]} 27. Qf2 {[%clk 00:21:02]} {[%emt 00:00:25]} Qf6
{[%clk 00:26:01]} {[%emt 00:08:06]} 28. Rd1 {[%clk 00:20:52]} {[%emt 00:00:41]}
Nf7 {[%clk 00:20:36]} {[%emt 00:05:54]} 29. Nd3 {[%clk 00:19:22]} {[%emt
00:02:00]} Re4 {[%clk 00:19:01]} {[%emt 00:02:05]} 30. Re3 {[%clk 00:15:42]}
{[%emt 00:04:10]} Qe7 {[%clk 00:17:50]} {[%emt 00:01:40]} 31. Rde1 {[%clk
00:15:25]} {[%emt 00:00:48]} Nh6 {[%clk 00:13:33]} {[%emt 00:04:46]} 32. Nxc5
{[%clk 00:14:32]} {[%emt 00:01:24]} Rxe3 {[%clk 00:05:13]} {[%emt 00:08:50]} 33.
Rxe3 {[%clk 00:14:55]} {[%emt 00:00:06]} Qd8 {[%clk 00:05:07]} {[%emt
00:00:36]} 34. Ne6 {[%clk 00:14:05]} {[%emt 00:01:21]} Qf6 {[%clk 00:03:33]}
{[%emt 00:02:04]} 35. Re2 {[%clk 00:11:07]} {[%emt 00:03:29]} Qa1+ {[%clk
00:02:32]} {[%emt 00:01:29]} 36. Re1 {[%clk 00:07:10]} {[%emt 00:04:28]} Qc3
{[%clk 00:02:41]} {[%emt 00:00:21]} 37. Qe3 {[%clk 00:07:16]} {[%emt 00:00:24]}
Qb2 {[%clk 00:02:46]} {[%emt 00:00:25]} 38. Re2 {[%clk 00:06:54]} {[%emt
00:00:52]} Qa1+ {[%clk 00:03:02]} {[%emt 00:00:14]} 39. Kf2 {[%clk 00:06:18]}
{[%emt 00:01:06]} Qh1 {[%clk 00:03:03]} {[%emt 00:00:28]} 40. Ng5 {[%clk
00:06:40]} {[%emt 00:00:09]} Rf6 {[%clk 00:00:36]} {[%emt 00:02:57]} 41. Re1
{[%clk 00:05:31]} {[%emt 00:01:40]} Qh2 {[%clk 00:29:51]} {[%emt 00:01:15]} 42.
Nf3 {[%clk 00:35:49]} {[%emt 00:00:11]} Ng4+ {[%clk 00:29:41]} {[%emt
00:00:40]} 43. hxg4 {[%clk 00:36:12]} {[%emt 00:00:07]} 1-0

[Event "Hoogeveen Open"]
[Site "Hoogeveen, Netherlands"]
[Date "2018.10.25"]
[Round "7.32"]
[White "Mellema, Andries"]
[Black "Winkels, Marcel"]
[Result "0-1"]
[WhiteElo "2140"]
[BlackElo "1935"]

1. e4 {[%clk 01:26:02]} {[%emt 00:04:57]} c5 {[%clk 01:30:51]} {[%emt
00:00:09]} 2. Nf3 {[%clk 01:25:57]} {[%emt 00:00:35]} d6 {[%clk 01:31:09]}
{[%emt 00:00:12]} 3. d4 {[%clk 01:25:34]} {[%emt 00:00:53]} cxd4 {[%clk
01:31:31]} {[%emt 00:00:09]} 4. Nxd4 {[%clk 01:25:58]} {[%emt 00:00:06]} Nf6
{[%clk 01:31:55]} {[%emt 00:00:06]} 5. Nc3 {[%clk 01:26:25]} {[%emt 00:00:03]}
a6 {[%clk 01:32:15]} {[%emt 00:00:10]} 6. h3 {[%clk 01:26:52]} {[%emt
00:00:04]} e5 {[%clk 01:32:27]} {[%emt 00:00:18]} 7. Nde2 {[%clk 01:27:05]}
{[%emt 00:00:16]} h5 {[%clk 01:32:51]} {[%emt 00:00:07]} 8. Bg5 {[%clk
01:27:32]} {[%emt 00:00:03]} Be6 {[%clk 01:33:10]} {[%emt 00:00:11]} 9. Bxf6
{[%clk 01:27:56]} {[%emt 00:00:06]} Qxf6 {[%clk 01:33:37]} {[%emt 00:00:02]} 10.
Nd5 {[%clk 01:28:19]} {[%emt 00:00:08]} Qd8 {[%clk 01:34:02]} {[%emt 00:00:05]}
11. Qd3 {[%clk 01:27:13]} {[%emt 00:01:36]} Nd7 {[%clk 01:33:57]} {[%emt
00:00:35]} 12. Nec3 {[%clk 01:24:00]} {[%emt 00:03:43]} g6 {[%clk 01:33:50]}
{[%emt 00:00:37]} 13. O-O-O {[%clk 01:22:45]} {[%emt 00:01:43]} Nc5 {[%clk
01:33:22]} {[%emt 00:04:33]} 14. Qe2 {[%clk 01:14:42]} {[%emt 00:04:59]} Bg7
{[%clk 01:32:44]} {[%emt 00:01:08]} 15. g3 {[%clk 01:13:25]} {[%emt 00:01:47]}
b5 {[%clk 01:32:12]} {[%emt 00:01:02]} 16. a3 {[%clk 01:10:05]} {[%emt
00:03:51]} Rb8 {[%clk 01:31:06]} {[%emt 00:01:35]} 17. Kb1 {[%clk 01:00:18]}
{[%emt 00:10:18]} O-O {[%clk 01:26:22]} {[%emt 00:05:14]} 18. g4 {[%clk
00:43:39]} {[%emt 00:17:09]} h4 {[%clk 01:26:35]} {[%emt 00:00:16]} 19. Bg2
{[%clk 00:43:26]} {[%emt 00:00:43]} Bd7 {[%clk 01:19:28]} {[%emt 00:07:37]} 20.
Qd2 {[%clk 00:41:31]} {[%emt 00:02:25]} a5 {[%clk 01:14:35]} {[%emt 00:05:24]}
21. Na2 {[%clk 00:32:35]} {[%emt 00:09:26]} Bc6 {[%clk 01:07:03]} {[%emt
00:08:02]} 22. f3 {[%clk 00:27:23]} {[%emt 00:05:40]} Bxd5 {[%clk 01:01:16]}
{[%emt 00:06:18]} 23. Qxd5 {[%clk 00:26:45]} {[%emt 00:01:09]} Rb6 {[%clk
01:00:46]} {[%emt 00:00:59]} 24. Qd2 {[%clk 00:17:48]} {[%emt 00:09:28]} Qa8
{[%clk 00:53:01]} {[%emt 00:08:15]} 25. Nc3 {[%clk 00:15:04]} {[%emt 00:03:14]}
b4 {[%clk 00:46:51]} {[%emt 00:06:40]} 26. Nd5 {[%clk 00:14:18]} {[%emt
00:01:16]} Rb7 {[%clk 00:47:08]} {[%emt 00:00:12]} 27. Ka1 {[%clk 00:12:24]}
{[%emt 00:02:23]} Rfb8 {[%clk 00:42:24]} {[%emt 00:05:15]} 28. Rb1 {[%clk
00:11:20]} {[%emt 00:01:35]} Qa7 {[%clk 00:32:02]} {[%emt 00:10:52]} 29. g5
{[%clk 00:10:11]} {[%emt 00:01:38]} bxa3 {[%clk 00:19:53]} {[%emt 00:12:39]} 30.
b3 {[%clk 00:04:51]} {[%emt 00:05:50]} Ne6 {[%clk 00:17:20]} {[%emt 00:03:04]}
31. Ka2 {[%clk 00:04:20]} {[%emt 00:01:01]} Qd4 {[%clk 00:14:40]} {[%emt
00:03:09]} 32. Qxd4 {[%clk 00:04:01]} {[%emt 00:00:49]} exd4 {[%clk 00:13:38]}
{[%emt 00:01:32]} 33. f4 {[%clk 00:03:37]} {[%emt 00:00:55]} d3 {[%clk
00:13:24]} {[%emt 00:00:44]} 34. cxd3 {[%clk 00:02:56]} {[%emt 00:01:10]} Bb2
{[%clk 00:13:05]} {[%emt 00:00:49]} 35. e5 {[%clk 00:03:04]} {[%emt 00:00:23]}
Rxb3 {[%clk 00:10:07]} {[%emt 00:03:28]} 36. Nf6+ {[%clk 00:00:41]} {[%emt
00:02:53]} Kh8 {[%clk 00:09:58]} {[%emt 00:00:38]} 37. Bd5 {[%clk 00:00:44]}
{[%emt 00:00:27]} Rxd3 {[%clk 00:09:34]} {[%emt 00:00:54]} 38. Bxe6 {[%clk
00:00:46]} {[%emt 00:00:28]} fxe6 {[%clk 00:09:36]} {[%emt 00:00:28]} 39. Rhd1
{[%clk 00:00:35]} {[%emt 00:00:41]} Rxd1 {[%clk 00:08:33]} {[%emt 00:01:33]} 40.
Rxd1 {[%clk 00:01:05]} {[%emt 00:00:01]} d5 {[%clk 00:08:38]} {[%emt 00:00:25]}
41. Rg1 {[%clk 00:01:18]} {[%emt 00:00:16]} Kg7 {[%clk 00:05:01]} {[%emt
00:04:07]} 42. Rg4 {[%clk 00:00:57]} {[%emt 00:00:51]} a4 {[%clk 00:03:14]}
{[%emt 00:02:18]} 43. Nd7 {[%clk 00:28:16]} {[%emt 00:03:10]} Rd8 {[%clk
00:26:10]} {[%emt 00:07:35]} 44. Nc5 {[%clk 00:27:31]} {[%emt 00:01:14]} Rc8
{[%clk 00:20:44]} {[%emt 00:05:56]} 45. Nxa4 {[%clk 00:21:42]} {[%emt
00:06:19]} Bc1 {[%clk 00:20:50]} {[%emt 00:00:24]} 46. Rxh4 {[%clk 00:20:28]}
{[%emt 00:01:44]} d4 {[%clk 00:20:04]} {[%emt 00:01:16]} 47. f5 {[%clk
00:20:09]} {[%emt 00:00:49]} Rc2+ {[%clk 00:18:08]} {[%emt 00:02:26]} 48. Kb1
{[%clk 00:15:59]} {[%emt 00:04:40]} a2+ {[%clk 00:18:10]} {[%emt 00:00:28]} 49.
Ka1 {[%clk 00:16:17]} {[%emt 00:00:12]} gxf5 {[%clk 00:05:41]} {[%emt
00:12:59]} 50. Rxd4 {[%clk 00:14:05]} {[%emt 00:02:42]} Bxg5 {[%clk 00:05:58]}
{[%emt 00:00:13]} 51. Nb2 {[%clk 00:10:37]} {[%emt 00:03:58]} Bc1 {[%clk
00:05:59]} {[%emt 00:00:30]} 52. Nd1 {[%clk 00:08:06]} {[%emt 00:02:59]} f4
{[%clk 00:04:46]} {[%emt 00:01:44]} 53. Ra4 {[%clk 00:08:11]} {[%emt 00:00:25]}
Be3 {[%clk 00:03:19]} {[%emt 00:01:58]} 54. Nb2 {[%clk 00:04:23]} {[%emt
00:04:18]} f3 {[%clk 00:02:58]} {[%emt 00:00:50]} 55. Nd3 {[%clk 00:04:40]}
{[%emt 00:00:13]} f2 {[%clk 00:02:58]} {[%emt 00:00:30]} 56. Nxf2 {[%clk
00:05:05]} {[%emt 00:00:05]} Bxf2 {[%clk 00:03:03]} {[%emt 00:00:25]} 57. Rg4+
{[%clk 00:02:47]} {[%emt 00:02:47]} Kf7 {[%clk 00:03:14]} {[%emt 00:00:20]} 58.
Re4 {[%clk 00:03:07]} {[%emt 00:00:10]} Rd2 {[%clk 00:03:32]} {[%emt 00:00:12]}
0-1

[Event "Hoogeveen Open"]
[Site "Hoogeveen, Netherlands"]
[Date "2018.10.25"]
[Round "7.33"]
[White "Oord, Raymon"]
[Black "Van Dorp, Folke"]
[Result "0-1"]
[WhiteElo "1900"]
[BlackElo "2097"]

1. b3 {[%clk 01:30:57]} {[%emt 00:00:02]} d5 {[%clk 01:30:27]} {[%emt
00:00:34]} 2. Bb2 {[%clk 01:31:13]} {[%emt 00:00:14]} Bg4 {[%clk 01:30:51]}
{[%emt 00:00:06]} 3. h3 {[%clk 01:30:49]} {[%emt 00:00:53]} Bh5 {[%clk
01:31:17]} {[%emt 00:00:05]} 4. d3 {[%clk 01:27:23]} {[%emt 00:03:57]} Nf6
{[%clk 01:29:17]} {[%emt 00:02:30]} 5. g4 {[%clk 01:25:32]} {[%emt 00:02:21]}
Bg6 {[%clk 01:29:45]} {[%emt 00:00:02]} 6. Bg2 {[%clk 01:24:45]} {[%emt
00:01:17]} e6 {[%clk 01:29:53]} {[%emt 00:00:23]} 7. Nd2 {[%clk 01:23:59]}
{[%emt 00:01:15]} h6 {[%clk 01:24:41]} {[%emt 00:08:08]} 8. e3 {[%clk
01:21:48]} {[%emt 00:00:14]} Bc5 {[%clk 01:17:34]} {[%emt 00:07:38]} 9. Ne2
{[%clk 01:20:18]} {[%emt 00:02:00]} Nbd7 {[%clk 01:15:43]} {[%emt 00:02:22]} 10.
a3 {[%clk 01:16:38]} {[%emt 00:04:09]} a5 {[%clk 01:15:04]} {[%emt 00:01:09]}
11. Qb1 {[%clk 01:11:59]} {[%emt 00:05:09]} c6 {[%clk 01:13:23]} {[%emt
00:02:11]} 12. Nf3 {[%clk 01:06:59]} {[%emt 00:05:28]} O-O {[%clk 01:13:10]}
{[%emt 00:00:44]} 13. Nf4 {[%clk 00:58:41]} {[%emt 00:08:48]} Bh7 {[%clk
01:08:52]} {[%emt 00:04:49]} 14. g5 {[%clk 00:55:28]} {[%emt 00:03:43]} hxg5
{[%clk 01:09:05]} {[%emt 00:00:17]} 15. Nxg5 {[%clk 00:55:43]} {[%emt
00:00:14]} Bf5 {[%clk 01:03:18]} {[%emt 00:06:17]} 16. h4 {[%clk 00:51:11]}
{[%emt 00:05:02]} e5 {[%clk 01:02:16]} {[%emt 00:01:33]} 17. Ne2 {[%clk
00:49:03]} {[%emt 00:02:31]} Bg6 {[%clk 00:58:29]} {[%emt 00:04:24]} 18. Bh3
{[%clk 00:46:09]} {[%emt 00:03:23]} Nh5 {[%clk 00:51:26]} {[%emt 00:07:34]} 19.
Rg1 {[%clk 00:42:22]} {[%emt 00:04:16]} Re8 {[%emt 00:05:50]} 20. Qd1 {[%clk
00:38:18]} Ndf6 {[%clk 00:49:40]} {[%emt 00:01:31]} 21. Ne6 {[%clk 00:26:21]}
{[%emt 00:12:27]} Qb6 {[%clk 00:38:44]} {[%emt 00:11:26]} 22. Nxc5 {[%clk
00:17:29]} {[%emt 00:09:21]} Qxc5 {[%clk 00:39:11]} {[%emt 00:00:04]} 23. Bxe5
{[%clk 00:07:57]} {[%emt 00:10:02]} Rxe5 {[%clk 00:39:25]} {[%emt 00:00:16]} 24.
d4 {[%clk 00:08:08]} {[%emt 00:00:18]} Qe7 {[%clk 00:39:38]} {[%emt 00:00:18]}
25. dxe5 {[%clk 00:06:27]} {[%emt 00:02:10]} Qxe5 {[%clk 00:40:03]} {[%emt
00:00:05]} 26. Qd4 {[%clk 00:03:07]} {[%emt 00:03:50]} Qh2 {[%clk 00:40:27]}
{[%emt 00:00:06]} 27. Bg2 {[%clk 00:02:39]} {[%emt 00:00:59]} Bxc2 {[%clk
00:40:25]} {[%emt 00:00:32]} 28. Bf3 {[%clk 00:02:18]} {[%emt 00:00:51]} Bg6
{[%clk 00:39:41]} {[%emt 00:01:14]} 29. Kd2 {[%clk 00:01:54]} {[%emt 00:00:54]}
Qd6 {[%clk 00:36:54]} {[%emt 00:03:17]} 30. Bxh5 {[%clk 00:01:14]} {[%emt
00:01:10]} Nxh5 {[%clk 00:37:17]} {[%emt 00:00:07]} 31. Ng3 {[%clk 00:01:19]}
{[%emt 00:00:25]} c5 {[%clk 00:37:14]} {[%emt 00:00:33]} 32. Qg4 {[%clk
00:00:56]} {[%emt 00:00:52]} Qe5 {[%clk 00:35:57]} {[%emt 00:01:49]} 33. Rac1
{[%clk 00:00:45]} {[%emt 00:00:41]} d4 {[%clk 00:34:31]} {[%emt 00:01:55]} 34.
exd4 {[%clk 00:00:57]} {[%emt 00:00:19]} Rd8 {[%clk 00:34:56]} {[%emt
00:00:05]} 35. Rc4 {[%clk 00:00:39]} {[%emt 00:00:47]} b5 {[%clk 00:35:11]}
{[%emt 00:00:15]} 36. Kc1 {[%clk 00:00:50]} {[%emt 00:00:19]} Rxd4 {[%clk
00:31:39]} {[%emt 00:04:02]} 37. Rxd4 {[%clk 00:01:08]} {[%emt 00:00:12]} cxd4
{[%clk 00:32:07]} {[%emt 00:00:02]} 38. Qc8+ {[%clk 00:01:02]} {[%emt
00:00:36]} Kh7 {[%clk 00:32:31]} {[%emt 00:00:06]} 39. Nxh5 {[%clk 00:01:22]}
{[%emt 00:00:10]} Bxh5 {[%clk 00:32:15]} {[%emt 00:00:45]} 40. Qc2+ {[%clk
00:01:07]} {[%emt 00:00:45]} Bg6 {[%clk 00:31:58]} {[%emt 00:00:48]} 41. Qd2
{[%clk 00:28:30]} {[%emt 00:03:07]} d3 {[%clk 00:42:55]} {[%emt 00:19:33]} 42.
Kb1 {[%clk 00:27:17]} {[%emt 00:01:42]} Qd5 {[%clk 00:39:19]} {[%emt 00:04:07]}
43. Kb2 {[%clk 00:21:57]} {[%emt 00:05:49]} a4 {[%clk 00:37:36]} {[%emt
00:02:14]} 44. Qc3 {[%clk 00:21:29]} {[%emt 00:00:58]} Qf3 {[%clk 00:34:40]}
{[%emt 00:03:26]} 45. Qd2 {[%clk 00:20:03]} {[%emt 00:01:55]} Qf6+ {[%clk
00:31:23]} {[%emt 00:03:48]} 46. Ka2 {[%clk 00:18:11]} {[%emt 00:02:21]} axb3+
{[%clk 00:31:14]} {[%emt 00:00:39]} 47. Kxb3 {[%clk 00:17:58]} {[%emt
00:00:43]} Bf5 {[%clk 00:29:43]} {[%emt 00:02:02]} 48. Kb4 {[%clk 00:13:57]}
{[%emt 00:04:31]} Qd4+ {[%clk 00:26:57]} {[%emt 00:03:16]} 49. Kxb5 {[%clk
00:13:05]} {[%emt 00:01:22]} Bd7+ {[%clk 00:27:06]} {[%emt 00:00:21]} 50. Ka6
{[%clk 00:11:54]} {[%emt 00:01:42]} Qd6+ {[%clk 00:27:22]} {[%emt 00:00:13]} 51.
Ka5 {[%clk 00:10:28]} {[%emt 00:01:55]} Qc5+ {[%clk 00:27:47]} {[%emt
00:00:06]} 52. Ka6 {[%clk 00:10:48]} {[%emt 00:00:11]} Bc8# {[%clk 00:28:05]}
{[%emt 00:00:11]} 0-1